GEORAPHICAL INDEX (Record no. 148670)
[ view plain ]
| 000 -LEADER | |
|---|---|
| fixed length control field | 00310nam a22001337a 4500 |
| 003 - CONTROL NUMBER IDENTIFIER | |
| control field | LK-CoDNM |
| 005 - DATE AND TIME OF LATEST TRANSACTION | |
| control field | 20240821123241.0 |
| 008 - FIXED-LENGTH DATA ELEMENTS--GENERAL INFORMATION | |
| fixed length control field | 240821b |||||||| |||| 00| 0 eng d |
| 040 ## - CATALOGING SOURCE | |
| Original cataloging agency | LK-CoDNM |
| Modifying agency | LK-CoDNM |
| Description conventions | LK-CoDNM |
| 080 ## - UNIVERSAL DECIMAL CLASSIFICATION NUMBER | |
| Universal Decimal Classification number | 7 |
| Item number | J37 |
| 942 ## - ADDED ENTRY ELEMENTS (KOHA) | |
| Koha item type | Books |
| 245 ## - TITLE STATEMENT | |
| Title | GEORAPHICAL INDEX |
| 300 ## - PHYSICAL DESCRIPTION | |
| Extent | 216P . 28 CM |
| Withdrawn status | Lost status | Damaged status | Not for loan | Collection code | Permanent Location | Current Location | Shelving location | Date acquired | Full call number | Barcode | Koha item type |
|---|---|---|---|---|---|---|---|---|---|---|---|
| Damaged | Old Books Collection | Library National Museum Colombo - Sri Lanka | Library National Museum Colombo - Sri Lanka | Reference | 2024-08-21 | 7 J37 | OB5862 | Books |


